[Event "DEM U18 2021"]
[Site "Willingen GER"]
[Date "2021.08.26"]
[Round "6"]
[White "Mankel, Luca"]
[Black "Unbehend, Marius"]
[Result "1-0"]
[Termination "normal"]
[Board "14"]
[WhiteElo "1916"]
[BlackElo "1572"]
[WhiteClock "00:43:28"]
[BlackClock "00:05:54"]
[PlyCount "119"]
[WhiteFideId "16253876"]
[BlackFideId "16214420"]
[EventCountry "GER"]
[EventRounds "9"]
[EventType "swiss"]
[EventDate "2021.08.22"]

1. d4 {[%clk 1:30:59]} e6 {[%clk 1:30:35]} 2. c4 {[%clk 1:31:25]} Nf6 {[%clk
1:29:55]} 3. Nc3 {[%clk 1:31:50]} d5 {[%clk 1:29:21]} 4. cxd5 {[%clk 1:32:15]}
exd5 {[%clk 1:29:27]} 5. Bg5 {[%clk 1:32:39]} c6 {[%clk 1:28:41]} 6. e3 {[%clk
1:33:04]} Bf5 {[%clk 1:27:01]} 7. Qb3 {[%clk 1:31:14]} Qd7 {[%clk 1:23:55]} 8.
Nf3 {[%clk 1:28:26]} Bd6 {[%clk 1:22:34]} 9. Be2 {[%clk 1:26:56]} Ne4 {[%clk
1:17:42]} 10. Bh4 {[%clk 1:24:14]} O-O {[%clk 1:13:19]} 11. Nxe4 {[%clk
1:24:20]} Bxe4 {[%clk 1:09:21]} 12. Bg3 {[%clk 1:24:31]} Bxg3 {[%clk 1:07:49]}
13. hxg3 {[%clk 1:24:53]} Qe7 {[%clk 1:03:59]} 14. O-O {[%clk 1:22:51]} Rc8
{[%clk 0:59:50]} 15. Ne5 {[%clk 1:18:58]} f6 {[%clk 0:58:48]} 16. Nd3 {[%clk
1:18:02]} Na6 {[%clk 0:53:48]} 17. Nf4 {[%clk 1:15:54]} Qb4 {[%clk 0:50:03]}
18. Bxa6 {[%clk 1:08:15]} Qxb3 {[%clk 0:50:25]} 19. axb3 {[%clk 1:08:43]} bxa6
{[%clk 0:50:48]} 20. Ne6 {[%clk 1:08:02]} Bd3 {[%clk 0:49:50]} 21. Rfc1 {[%clk
1:07:21]} Rab8 {[%clk 0:46:45]} 22. Rc3 {[%clk 1:06:35]} Bb5 {[%clk 0:46:23]}
23. Nc5 {[%clk 1:05:47]} Rb6 {[%clk 0:46:27]} 24. g4 {[%clk 1:04:44]} Kf7
{[%clk 0:43:29]} 25. f3 {[%clk 1:04:35]} Rc7 {[%clk 0:36:34]} 26. Kf2 {[%clk
1:03:54]} Ke7 {[%clk 0:32:07]} 27. Rcc1 {[%clk 1:02:54]} Kd6 {[%clk 0:28:57]}
28. Rh1 {[%clk 1:02:27]} h6 {[%clk 0:29:01]} 29. Ra5 {[%clk 1:02:05]} Rb8
{[%clk 0:26:55]} 30. Rha1 {[%clk 0:58:56]} Rb6 {[%clk 0:26:39]} 31. R1a3 {[%clk
0:58:34]} Re7 {[%clk 0:25:37]} 32. b4 {[%clk 0:49:37]} Rc7 {[%clk 0:25:26]} 33.
b3 {[%clk 0:47:51]} Re7 {[%clk 0:25:47]} 34. Nxa6 {[%clk 0:36:05]} Bxa6 {[%clk
0:25:30]} 35. Rxa6 {[%clk 0:36:29]} Rxb4 {[%clk 0:24:05]} 36. Rxa7 {[%clk
0:36:50]} Rxb3 {[%clk 0:22:51]} 37. Rxe7 {[%clk 0:36:56]} Rb2+ {[%clk 0:23:05]}
38. Kg3 {[%clk 0:37:17]} Kxe7 {[%clk 0:23:27]} 39. Ra7+ {[%clk 0:37:41]} Kf8
{[%clk 0:22:51]} 40. Rc7 {[%clk 0:37:48]} Rc2 {[%clk 0:19:20]} 41. Kf4 {[%clk
0:35:43]} Rc3 {[%clk 0:16:29]} 42. e4 {[%clk 0:26:44]} Rc4 {[%clk 0:04:10]} 43.
Ke3 {[%clk 0:21:39]} dxe4 {[%clk 0:02:46]} 44. Kxe4 {[%clk 0:20:36]} Rc2 {[%clk
0:26:45]} 45. Kf5 {[%clk 0:45:40]} Rd2 {[%clk 0:21:44]} 46. Rxc6 {[%clk
0:44:54]} Rxd4 {[%clk 0:20:46]} 47. Kg6 {[%clk 0:43:29]} Rd2 {[%clk 0:13:54]}
48. Rc8+ {[%clk 0:43:16]} Ke7 {[%clk 0:14:17]} 49. Rc7+ {[%clk 0:42:58]} Ke6
{[%clk 0:14:29]} 50. Rxg7 {[%clk 0:42:36]} Rxg2 {[%clk 0:08:56]} 51. Rf7 {[%clk
0:41:23]} h5 {[%clk 0:08:15]} 52. Rxf6+ {[%clk 0:41:47]} Ke7 {[%clk 0:08:36]}
53. g5 {[%clk 0:42:03]} h4 {[%clk 0:08:22]} 54. f4 {[%clk 0:42:21]} h3 {[%clk
0:08:22]} 55. f5 {[%clk 0:42:44]} h2 {[%clk 0:07:04]} 56. Rf7+ {[%clk 0:43:10]}
Ke8 {[%clk 0:07:17]} 57. Rh7 {[%clk 0:43:35]} Rf2 {[%clk 0:06:29]} 58. f6
{[%clk 0:43:09]} Kd8 {[%clk 0:05:53]} 59. Kg7 {[%clk 0:43:08]} Ke8 {[%clk
0:05:54]} 60. g6 {[%clk 0:43:28]} 1-0

[Event "DEM U18 2021"]
[Site "Willingen GER"]
[Date "2021.08.27"]
[Round "7"]
[White "Suvorov, Alexander"]
[Black "Woelk, Tom-Frederic"]
[Result "1-0"]
[Termination "normal"]
[Board "1"]
[WhiteTitle "FM"]
[BlackTitle "FM"]
[WhiteElo "2333"]
[BlackElo "2314"]
[WhiteClock "00:26:00"]
[BlackClock "00:35:49"]
[PlyCount "85"]
[WhiteFideId "12977063"]
[BlackFideId "12993077"]
[EventCountry "GER"]
[EventRounds "9"]
[EventType "swiss"]
[EventDate "2021.08.22"]

1. d4 {[%clk 1:30:53]} Nf6 {[%clk 1:30:54]} 2. c4 {[%clk 1:31:05]} g6 {[%clk
1:31:20]} 3. Nc3 {[%clk 1:30:57]} d5 {[%clk 1:31:46]} 4. Nf3 {[%clk 1:30:37]}
Bg7 {[%clk 1:32:01]} 5. Bg5 {[%clk 1:30:25]} Ne4 {[%clk 1:29:26]} 6. cxd5
{[%clk 1:30:39]} Nxg5 {[%clk 1:29:51]} 7. Nxg5 {[%clk 1:31:02]} e6 {[%clk
1:30:17]} 8. Qd2 {[%clk 1:31:07]} h6 {[%clk 1:30:41]} 9. Nh3 {[%clk 1:29:09]}
exd5 {[%clk 1:31:05]} 10. Nf4 {[%clk 1:29:35]} c6 {[%clk 1:31:01]} 11. g3
{[%clk 1:28:04]} a5 {[%clk 1:25:58]} 12. Bg2 {[%clk 1:20:43]} O-O {[%clk
1:24:37]} 13. e3 {[%clk 1:20:26]} a4 {[%clk 1:12:54]} 14. O-O {[%clk 1:16:42]}
Bf5 {[%clk 1:10:12]} 15. h3 {[%clk 1:08:52]} h5 {[%clk 1:07:38]} 16. Qd1 {[%clk
1:02:50]} Qa5 {[%clk 0:59:27]} 17. g4 {[%clk 0:56:08]} hxg4 {[%clk 0:59:48]}
18. hxg4 {[%clk 0:56:34]} Bc8 {[%clk 0:57:55]} 19. Nd3 {[%clk 0:40:43]} Nd7
{[%clk 0:51:35]} 20. Rc1 {[%clk 0:37:00]} Nf6 {[%clk 0:43:32]} 21. Ne5 {[%clk
0:31:48]} Ne8 {[%clk 0:41:12]} 22. f4 {[%clk 0:28:09]} a3 {[%clk 0:39:29]} 23.
b3 {[%clk 0:27:58]} Qd8 {[%clk 0:39:34]} 24. Bf3 {[%clk 0:21:30]} Nd6 {[%clk
0:31:09]} 25. Kg2 {[%clk 0:20:52]} Qe8 {[%clk 0:23:22]} 26. Qc2 {[%clk
0:15:36]} f5 {[%clk 0:19:50]} 27. g5 {[%clk 0:14:42]} Bxe5 {[%clk 0:16:06]} 28.
dxe5 {[%clk 0:14:55]} Nf7 {[%clk 0:16:31]} 29. Ne2 {[%clk 0:13:09]} Be6 {[%clk
0:14:29]} 30. Qc5 {[%clk 0:11:19]} Qd7 {[%clk 0:12:04]} 31. Rh1 {[%clk
0:11:00]} Kg7 {[%clk 0:12:28]} 32. Nd4 {[%clk 0:10:32]} Rfc8 {[%clk 0:11:51]}
33. Rh3 {[%clk 0:09:35]} Ra6 {[%clk 0:12:00]} 34. Rch1 {[%clk 0:05:19]} b6
{[%clk 0:10:41]} 35. Rh7+ {[%clk 0:05:00]} Kg8 {[%clk 0:11:10]} 36. Qc3 {[%clk
0:03:04]} Ra7 {[%clk 0:11:28]} 37. Qe1 {[%clk 0:02:20]} c5 {[%clk 0:11:33]} 38.
Nxe6 {[%clk 0:01:01]} Qxe6 {[%clk 0:12:01]} 39. Qh4 {[%clk 0:00:59]} Kf8 {[%clk
0:12:27]} 40. Rh8+ {[%clk 0:00:48]} Ke7 {[%clk 0:09:43]} 41. Rxc8 {[%clk
0:30:14]} Qxc8 {[%clk 0:40:09]} 42. Qh7 {[%clk 0:27:23]} Qe6 {[%clk 0:35:49]}
43. Rh6 {[%clk 0:26:00]} 1-0

[Event "DEM U18 2021"]
[Site "Willingen GER"]
[Date "2021.08.27"]
[Round "7"]
[White "Richter, Nils"]
[Black "Kölle, Tobias"]
[Result "1/2-1/2"]
[Termination "normal"]
[Board "2"]
[WhiteTitle "FM"]
[BlackTitle "FM"]
[WhiteElo "2292"]
[BlackElo "2312"]
[WhiteClock "00:27:42"]
[BlackClock "00:37:22"]
[PlyCount "41"]
[WhiteFideId "12990809"]
[BlackFideId "16207378"]
[EventCountry "GER"]
[EventRounds "9"]
[EventType "swiss"]
[EventDate "2021.08.22"]

1. d4 {[%clk 1:30:59]} Nf6 {[%clk 1:30:51]} 2. c4 {[%clk 1:31:22]} e6 {[%clk
1:30:35]} 3. g3 {[%clk 1:31:46]} c5 {[%clk 1:25:35]} 4. Nf3 {[%clk 1:32:07]}
cxd4 {[%clk 1:24:24]} 5. Nxd4 {[%clk 1:32:29]} Bb4+ {[%clk 1:19:45]} 6. Nc3
{[%clk 1:31:46]} Ne4 {[%clk 1:17:05]} 7. Qd3 {[%clk 1:19:22]} Nxc3 {[%clk
1:11:07]} 8. bxc3 {[%clk 1:19:44]} Be7 {[%clk 1:11:33]} 9. Nb5 {[%clk 1:09:26]}
O-O {[%clk 1:09:21]} 10. Bf4 {[%clk 1:09:33]} d6 {[%clk 0:58:29]} 11. c5 {[%clk
0:52:31]} e5 {[%clk 0:57:18]} 12. cxd6 {[%clk 0:52:24]} exf4 {[%clk 0:55:12]}
13. dxe7 {[%clk 0:52:10]} Qxe7 {[%clk 0:55:34]} 14. Bg2 {[%clk 0:49:44]} Nc6
{[%clk 0:43:15]} 15. gxf4 {[%clk 0:37:33]} Bg4 {[%clk 0:38:19]} 16. e3 {[%clk
0:28:22]} Rfd8 {[%clk 0:37:00]} 17. Nd4 {[%clk 0:26:19]} Nxd4 {[%clk 0:37:16]}
18. cxd4 {[%clk 0:27:07]} Qb4+ 19. Qd2 Rxd4 {[%clk 0:37:00]} 20. Qxb4 {[%clk
0:27:34]} Rxb4 {[%clk 0:37:22]} 21. O-O {[%clk 0:27:42]} 1/2-1/2

[Event "DEM U18 2021"]
[Site "Willingen GER"]
[Date "2021.08.27"]
[Round "7"]
[White "Knüdel, Torben"]
[Black "Dahl, Christoph"]
[Result "0-1"]
[Termination "normal"]
[Board "3"]
[WhiteElo "2171"]
[BlackElo "2284"]
[WhiteClock "00:14:17"]
[BlackClock "01:02:38"]
[PlyCount "54"]
[WhiteFideId "16208820"]
[BlackFideId "16240235"]
[EventCountry "GER"]
[EventRounds "9"]
[EventType "swiss"]
[EventDate "2021.08.22"]

1. e4 {[%clk 1:30:57]} c5 {[%clk 1:30:46]} 2. Nf3 {[%clk 1:31:22]} d6 {[%clk
1:30:48]} 3. d4 {[%clk 1:31:47]} cxd4 {[%clk 1:30:50]} 4. Nxd4 {[%clk 1:32:09]}
Nf6 {[%clk 1:30:47]} 5. Nc3 {[%clk 1:32:34]} a6 {[%clk 1:30:41]} 6. h4 {[%clk
1:32:59]} Nc6 {[%clk 1:30:42]} 7. Nxc6 {[%clk 1:32:59]} bxc6 {[%clk 1:31:01]}
8. h5 {[%clk 1:30:13]} e5 {[%clk 1:29:49]} 9. h6 {[%clk 1:27:58]} g6 {[%clk
1:28:30]} 10. Bg5 {[%clk 1:20:42]} Be7 {[%clk 1:26:22]} 11. Bc4 {[%clk
1:18:40]} O-O {[%clk 1:24:04]} 12. Qd3 {[%clk 1:15:54]} Be6 {[%clk 1:16:59]}
13. O-O-O {[%clk 1:09:45]} Ng4 {[%clk 1:11:38]} 14. Bxe7 {[%clk 0:46:12]} Qxe7
{[%clk 1:11:53]} 15. Bxe6 {[%clk 0:46:00]} Nxf2 {[%clk 1:12:08]} 16. Qxd6
{[%clk 0:33:36]} Qxe6 {[%clk 1:10:41]} 17. Qc5 {[%clk 0:30:18]} Nxd1 {[%clk
1:10:39]} 18. Rxd1 {[%clk 0:30:37]} Rad8 {[%clk 1:11:00]} 19. Rf1 {[%clk
0:28:41]} f5 {[%clk 1:11:20]} 20. b3 {[%clk 0:26:50]} Rf7 {[%clk 1:07:18]} 21.
Qb6 {[%clk 0:25:42]} Qd6 {[%clk 1:05:37]} 22. Qxa6 {[%clk 0:25:02]} fxe4 {[%clk
1:01:39]} 23. Qc4 {[%clk 0:23:19]} Rdd7 {[%clk 1:01:24]} 24. Nxe4 {[%clk
0:17:59]} Qd4 {[%clk 1:01:32]} 25. Nf6+ {[%clk 0:15:42]} Kh8 {[%clk 1:01:57]}
26. Nxd7 {[%clk 0:13:52]} Rxf1+ {[%clk 1:02:12]} 27. Qxf1 {[%clk 0:14:17]} Qa1+
{[%clk 1:02:38]} 0-1

[Event "DEM U18 2021"]
[Site "Willingen GER"]
[Date "2021.08.27"]
[Round "7"]
[White "Nguyen, Alex Dac-Vuong"]
[Black "Wachinger, Nikolas"]
[Result "0-1"]
[Termination "normal"]
[Board "4"]
[WhiteTitle "FM"]
[WhiteElo "2290"]
[BlackElo "2361"]
[WhiteClock "00:06:51"]
[BlackClock "00:26:41"]
[PlyCount "70"]
[WhiteFideId "12984388"]
[BlackFideId "12962791"]
[EventCountry "GER"]
[EventRounds "9"]
[EventType "swiss"]
[EventDate "2021.08.22"]

1. e4 {[%clk 1:30:57]} c5 {[%clk 1:30:51]} 2. Nf3 {[%clk 1:31:23]} e6 {[%clk
1:31:10]} 3. c3 {[%clk 1:29:51]} Nf6 {[%clk 1:31:31]} 4. e5 {[%clk 1:30:18]}
Nd5 {[%clk 1:31:53]} 5. d4 {[%clk 1:30:44]} cxd4 {[%clk 1:31:47]} 6. cxd4
{[%clk 1:31:10]} d6 {[%clk 1:32:08]} 7. Bc4 {[%clk 1:31:22]} Be7 {[%clk
1:24:49]} 8. O-O {[%clk 1:31:08]} O-O {[%clk 1:24:42]} 9. Qe2 {[%clk 1:31:33]}
b6 {[%clk 1:24:40]} 10. Qe4 {[%clk 1:15:31]} Ba6 {[%clk 1:24:59]} 11. Bxd5
{[%clk 1:09:01]} exd5 {[%clk 1:25:23]} 12. Qxd5 {[%clk 1:09:19]} Nc6 {[%clk
1:25:37]} 13. Rd1 {[%clk 1:08:10]} Be2 {[%clk 1:13:10]} 14. Rd2 {[%clk
0:53:52]} Bxf3 {[%clk 1:11:36]} 15. Qxf3 {[%clk 0:48:29]} Bg5 {[%clk 1:09:46]}
16. Qxc6 {[%clk 0:47:32]} Rc8 {[%clk 1:09:23]} 17. Qa4 {[%clk 0:44:55]} Rxc1+
{[%clk 1:07:30]} 18. Rd1 {[%clk 0:45:13]} b5 {[%clk 1:02:59]} 19. Qb3 {[%clk
0:45:24]} Rxd1+ {[%clk 1:03:12]} 20. Qxd1 {[%clk 0:45:52]} dxe5 {[%clk
1:03:32]} 21. d5 {[%clk 0:43:41]} b4 {[%clk 1:03:49]} 22. a3 {[%clk 0:34:35]}
Qa5 {[%clk 0:55:57]} 23. Nd2 {[%clk 0:22:04]} Qxd5 {[%clk 0:53:04]} 24. Nf3
{[%clk 0:22:28]} Qxd1+ {[%clk 0:53:27]} 25. Rxd1 {[%clk 0:22:56]} Bf6 {[%clk
0:52:50]} 26. Rd5 {[%clk 0:19:20]} Rc8 {[%clk 0:45:17]} 27. g4 {[%clk 0:18:21]}
e4 {[%clk 0:28:08]} 28. Nd2 {[%clk 0:18:47]} Rc1+ {[%clk 0:28:25]} 29. Kg2
{[%clk 0:19:09]} Rd1 {[%clk 0:28:19]} 30. axb4 {[%clk 0:11:39]} Kf8 {[%clk
0:27:44]} 31. Rd6 {[%clk 0:05:27]} Ke7 {[%clk 0:27:28]} 32. Rxf6 {[%clk
0:05:53]} gxf6 {[%clk 0:26:31]} 33. Nxe4 {[%clk 0:06:16]} Rb1 {[%clk 0:26:20]}
34. Nc3 {[%clk 0:06:24]} Rxb2 {[%clk 0:26:40]} 35. Nb5 {[%clk 0:06:51]} a5
{[%clk 0:26:41]} 0-1

[Event "DEM U18 2021"]
[Site "Willingen GER"]
[Date "2021.08.27"]
[Round "7"]
[White "Suvorov, Luca"]
[Black "Fromm, Marius"]
[Result "1-0"]
[Termination "normal"]
[Board "5"]
[WhiteTitle "FM"]
[BlackTitle "FM"]
[WhiteElo "2292"]
[BlackElo "2342"]
[WhiteClock "00:03:22"]
[BlackClock "00:17:59"]
[PlyCount "61"]
[WhiteFideId "12977071"]
[BlackFideId "12993190"]
[EventCountry "GER"]
[EventRounds "9"]
[EventType "swiss"]
[EventDate "2021.08.22"]

1. d4 {[%clk 1:30:59]} Nf6 {[%clk 1:30:53]} 2. c4 {[%clk 1:31:20]} g6 {[%clk
1:31:16]} 3. Nc3 {[%clk 1:31:23]} Bg7 {[%clk 1:31:03]} 4. e4 {[%clk 1:31:45]}
d6 {[%clk 1:31:29]} 5. Nf3 {[%clk 1:31:57]} O-O {[%clk 1:31:54]} 6. Be2 {[%clk
1:32:15]} e5 {[%clk 1:32:19]} 7. Be3 {[%clk 1:32:36]} Bg4 {[%clk 1:32:28]} 8.
d5 {[%clk 1:24:58]} a5 {[%clk 1:32:22]} 9. Nd2 {[%clk 1:14:25]} Bxe2 {[%clk
1:24:22]} 10. Qxe2 {[%clk 1:14:43]} Na6 {[%clk 1:22:43]} 11. g4 {[%clk
1:05:30]} Nc5 {[%clk 1:18:09]} 12. O-O-O {[%clk 0:58:31]} a4 {[%clk 1:08:47]}
13. h4 {[%clk 0:47:53]} c6 {[%clk 1:06:50]} 14. Bxc5 {[%clk 0:34:45]} dxc5
{[%clk 1:07:15]} 15. a3 {[%clk 0:34:39]} Qa5 {[%clk 0:43:40]} 16. h5 {[%clk
0:21:15]} Rfb8 {[%clk 0:39:01]} 17. h6 {[%clk 0:16:59]} Bh8 {[%clk 0:33:32]}
18. g5 {[%clk 0:13:15]} Nh5 {[%clk 0:27:39]} 19. Rxh5 {[%clk 0:11:29]} gxh5
{[%clk 0:28:05]} 20. Nf1 {[%clk 0:06:47]} Rd8 {[%clk 0:23:34]} 21. Ng3 {[%clk
0:06:25]} Rab8 {[%clk 0:22:47]} 22. Nxh5 {[%clk 0:05:38]} Rd6 {[%clk 0:22:17]}
23. Qg4 {[%clk 0:03:27]} Rg6 {[%clk 0:21:32]} 24. Qf5 {[%clk 0:03:23]} Qa6
{[%clk 0:21:02]} 25. Nf6+ {[%clk 0:02:14]} Bxf6 {[%clk 0:21:21]} 26. gxf6
{[%clk 0:02:43]} Qxc4 {[%clk 0:19:51]} 27. Qxe5 {[%clk 0:03:01]} Rf8 {[%clk
0:20:19]} 28. dxc6 {[%clk 0:02:15]} bxc6 {[%clk 0:20:48]} 29. Qe7 {[%clk
0:02:29]} Qb3 {[%clk 0:17:30]} 30. Qxf8+ {[%clk 0:02:53]} Kxf8 {[%clk 0:17:59]}
31. Rd8# {[%clk 0:03:22]} 1-0

[Event "DEM U18 2021"]
[Site "Willingen GER"]
[Date "2021.08.27"]
[Round "7"]
[White "Kolb, Tobias"]
[Black "Boder, Jan"]
[Result "1-0"]
[Termination "normal"]
[Board "6"]
[WhiteTitle "FM"]
[WhiteElo "2307"]
[BlackElo "2146"]
[WhiteClock "00:31:19"]
[BlackClock "00:14:47"]
[PlyCount "139"]
[WhiteFideId "12992321"]
[BlackFideId "16243226"]
[EventCountry "GER"]
[EventRounds "9"]
[EventType "swiss"]
[EventDate "2021.08.22"]

1. d4 {[%clk 1:30:58]} Nf6 {[%clk 1:30:31]} 2. Nf3 {[%clk 1:31:17]} c5 {[%clk
1:25:44]} 3. d5 {[%clk 1:31:06]} b5 {[%clk 1:25:25]} 4. Bg5 {[%clk 1:31:28]}
Ne4 {[%clk 1:20:24]} 5. Bh4 {[%clk 1:31:08]} d6 {[%clk 1:18:03]} 6. Qd3 {[%clk
1:09:14]} Qa5+ {[%clk 1:14:50]} 7. Nbd2 {[%clk 1:09:25]} Bf5 {[%clk 1:05:26]}
8. c3 {[%clk 1:09:43]} Ng3 {[%clk 0:48:32]} 9. e4 {[%clk 1:10:02]} Nxf1 {[%clk
0:48:38]} 10. exf5 {[%clk 1:08:54]} Nxd2 {[%clk 0:48:44]} 11. Nxd2 {[%clk
0:59:17]} Nd7 {[%clk 0:47:36]} 12. a4 {[%clk 0:57:44]} c4 {[%clk 0:39:01]} 13.
Qe2 {[%clk 0:53:55]} Nb6 {[%clk 0:28:54]} 14. O-O {[%clk 0:53:51]} bxa4 {[%clk
0:29:08]} 15. Rfe1 {[%clk 0:53:04]} Qxd5 {[%clk 0:20:17]} 16. Bxe7 {[%clk
0:52:52]} Qd3 {[%clk 0:19:19]} 17. Qxd3 {[%clk 0:38:16]} cxd3 {[%clk 0:19:44]}
18. Bxd6+ {[%clk 0:37:40]} Kd7 {[%clk 0:19:54]} 19. Bxf8 {[%clk 0:29:23]} Rhxf8
{[%clk 0:20:20]} 20. Re3 {[%clk 0:29:49]} Rfe8 {[%clk 0:19:36]} 21. Rxd3+
{[%clk 0:28:27]} Kc7 {[%clk 0:17:38]} 22. Kf1 {[%clk 0:25:27]} Re5 {[%clk
0:17:16]} 23. g4 {[%clk 0:25:28]} Rae8 {[%clk 0:16:33]} 24. b3 {[%clk 0:23:52]}
Ra5 {[%clk 0:11:24]} 25. c4 {[%clk 0:20:47]} Ra6 {[%clk 0:08:46]} 26. b4 {[%clk
0:20:39]} Rd8 {[%clk 0:08:44]} 27. Ke2 {[%clk 0:20:09]} Rxd3 {[%clk 0:08:27]}
28. Kxd3 {[%clk 0:20:34]} Nd7 {[%clk 0:08:23]} 29. f4 {[%clk 0:17:09]} Rh6
{[%clk 0:05:30]} 30. Nf3 {[%clk 0:12:09]} Rh3 {[%clk 0:05:46]} 31. Ke2 {[%clk
0:11:40]} Nb6 {[%clk 0:06:15]} 32. Kf2 {[%clk 0:11:08]} Kb7 {[%clk 0:04:08]}
33. Kg2 {[%clk 0:11:01]} Rh6 {[%clk 0:04:14]} 34. g5 {[%clk 0:11:18]} Rc6
{[%clk 0:04:12]} 35. Ne5 {[%clk 0:11:44]} Rc7 {[%clk 0:04:18]} 36. c5 {[%clk
0:11:56]} Nd5 {[%clk 0:04:21]} 37. Rxa4 {[%clk 0:12:25]} Nxf4+ {[%clk 0:03:37]}
38. Kf3 {[%clk 0:12:50]} Nd5 {[%clk 0:03:52]} 39. Nc4 {[%clk 0:08:35]} Kc6
{[%clk 0:00:45]} 40. Nd6 {[%clk 0:08:24]} Nc3 {[%clk 0:00:32]} 41. Ra3 {[%clk
0:07:51]} Nb1 {[%clk 0:24:06]} 42. Ra6+ {[%clk 0:37:52]} Kd5 {[%clk 0:23:35]}
43. Nb5 {[%clk 0:37:40]} Re7 {[%clk 0:22:27]} 44. c6 {[%clk 0:35:21]} Nd2+
{[%clk 0:21:59]} 45. Kf2 {[%clk 0:33:55]} Ne4+ {[%clk 0:20:53]} 46. Kf1 {[%clk
0:34:11]} Nd6 {[%clk 0:19:17]} 47. Nxd6 {[%clk 0:26:36]} Kxd6 {[%clk 0:19:23]}
48. c7+ {[%clk 0:26:57]} Kd7 {[%clk 0:19:11]} 49. Rxa7 {[%clk 0:27:22]} Re4
{[%clk 0:17:46]} 50. c8=Q+ {[%clk 0:26:20]} Kxc8 {[%clk 0:18:12]} 51. Rxf7
{[%clk 0:26:47]} Rxb4 {[%clk 0:18:30]} 52. Kf2 {[%clk 0:26:54]} Kd8 {[%clk
0:13:46]} 53. Rxg7 {[%clk 0:26:27]} Rf4+ {[%clk 0:14:12]} 54. Kg3 {[%clk
0:26:55]} Rxf5 {[%clk 0:14:37]} 55. Kg4 {[%clk 0:27:22]} Ra5 {[%clk 0:14:49]}
56. Rxh7 {[%clk 0:27:46]} Ke8 {[%clk 0:15:18]} 57. h4 {[%clk 0:27:56]} Kf8
{[%clk 0:15:46]} 58. Kh5 {[%clk 0:27:49]} Ra4 {[%clk 0:15:53]} 59. Rb7 {[%clk
0:27:50]} Kg8 {[%clk 0:16:09]} 60. g6 {[%clk 0:28:08]} Rc4 {[%clk 0:15:41]} 61.
Kg5 {[%clk 0:28:34]} Rc5+ {[%clk 0:15:58]} 62. Kh6 {[%clk 0:28:59]} Rc8 {[%clk
0:16:25]} 63. h5 {[%clk 0:29:24]} Ra8 {[%clk 0:16:05]} 64. Rb5 {[%clk 0:29:47]}
Kh8 {[%clk 0:15:33]} 65. Kg5 {[%clk 0:30:08]} Rc8 {[%clk 0:14:36]} 66. h6
{[%clk 0:30:34]} Ra8 {[%clk 0:14:15]} 67. h7 {[%clk 0:30:25]} Kg7 {[%clk
0:14:25]} 68. Rb7+ {[%clk 0:30:52]} Kh8 {[%clk 0:14:47]} 69. Kh6 {[%clk
0:31:19]} Rf8 {[%clk 0:14:47]} 70. g7# 1-0

[Event "DEM U18 2021"]
[Site "Willingen GER"]
[Date "2021.08.27"]
[Round "7"]
[White "Post, Hugo"]
[Black "Weishäutel, Moritz"]
[Result "0-1"]
[Termination "normal"]
[Board "7"]
[WhiteElo "2245"]
[BlackElo "2270"]
[WhiteClock "00:00:51"]
[BlackClock "00:19:33"]
[PlyCount "80"]
[WhiteFideId "12962490"]
[BlackFideId "12967300"]
[EventCountry "GER"]
[EventRounds "9"]
[EventType "swiss"]
[EventDate "2021.08.22"]

1. e4 {[%clk 1:30:58]} c5 {[%clk 1:30:57]} 2. Nf3 {[%clk 1:31:23]} d6 {[%clk
1:31:23]} 3. d4 {[%clk 1:31:47]} cxd4 {[%clk 1:31:50]} 4. Nxd4 {[%clk 1:32:12]}
Nf6 {[%clk 1:32:16]} 5. Nc3 {[%clk 1:32:37]} a6 {[%clk 1:32:43]} 6. Be3 {[%clk
1:32:53]} e6 {[%clk 1:33:08]} 7. Be2 {[%clk 1:33:14]} Nbd7 {[%clk 1:33:27]} 8.
g4 {[%clk 1:33:34]} h6 {[%clk 1:33:49]} 9. f4 {[%clk 1:34:00]} g5 {[%clk
1:34:09]} 10. f5 {[%clk 1:34:25]} Ne5 {[%clk 1:34:22]} 11. h3 {[%clk 1:34:45]}
Qe7 {[%clk 1:33:27]} 12. Qd2 {[%clk 1:33:15]} b5 {[%clk 1:32:20]} 13. Nf3
{[%clk 1:22:46]} b4 {[%clk 1:19:43]} 14. Na4 {[%clk 1:20:13]} Nxe4 {[%clk
1:19:38]} 15. Qxb4 {[%clk 1:18:40]} exf5 {[%clk 1:14:42]} 16. Nb6 {[%clk
1:09:45]} Ng3 {[%clk 0:59:50]} 17. Nxe5 {[%clk 0:48:09]} dxe5 {[%clk 0:56:04]}
18. Qxe7+ {[%clk 0:33:20]} Bxe7 {[%clk 0:56:28]} 19. Nxa8 {[%clk 0:32:06]} Nxh1
{[%clk 0:56:49]} 20. Nc7+ {[%clk 0:30:21]} Kf8 {[%clk 0:56:26]} 21. Bxa6 {[%clk
0:28:33]} Bxa6 {[%clk 0:52:00]} 22. Nxa6 {[%clk 0:29:01]} f4 {[%clk 0:52:21]}
23. Bg1 {[%clk 0:24:48]} e4 {[%clk 0:44:20]} 24. Bd4 {[%clk 0:24:30]} f6 {[%clk
0:40:42]} 25. b4 {[%clk 0:21:48]} h5 {[%clk 0:34:10]} 26. b5 {[%clk 0:19:37]}
hxg4 {[%clk 0:34:05]} 27. b6 {[%clk 0:13:23]} gxh3 {[%clk 0:30:03]} 28. b7
{[%clk 0:13:09]} Kf7 {[%clk 0:30:25]} 29. b8=Q {[%clk 0:08:15]} Rxb8 {[%clk
0:30:51]} 30. Nxb8 {[%clk 0:08:41]} h2 {[%clk 0:31:03]} 31. a4 {[%clk 0:04:13]}
Ng3 {[%clk 0:25:17]} 32. Kf2 {[%clk 0:04:15]} h1=Q {[%clk 0:24:38]} 33. Rxh1
{[%clk 0:04:44]} Nxh1+ {[%clk 0:25:00]} 34. Kg2 {[%clk 0:05:13]} e3 {[%clk
0:25:05]} 35. Kxh1 {[%clk 0:03:37]} e2 {[%clk 0:24:41]} 36. Bf2 {[%clk
0:03:32]} f3 {[%clk 0:20:51]} 37. Na6 {[%clk 0:02:38]} g4 {[%clk 0:18:42]} 38.
Kg1 {[%clk 0:01:48]} Bd6 {[%clk 0:18:52]} 39. Be1 {[%clk 0:00:50]} g3 {[%clk
0:19:17]} 40. c3 {[%clk 0:00:51]} Bf4 {[%clk 0:19:33]} 0-1